[Event "FRA-chT2 East 0809"]
[Site "France"]
[Date "2008.11.22"]
[Round "2.7"]
[White "Ferrieres, Sylvain"]
[Black "Joly, Laurent"]
[Result "0-1"]
[WhiteElo "1940"]
[BlackElo "2040"]
[PlyCount "140"]
[EventDate "2008.10.19"]
[EventType "team-tourn"]
[EventRounds "11"]
[EventCountry "FRA"]
[SourceTitle "EXT 2010"]
[Source "ChessBase"]
[SourceDate "2010.11.25"]
[SourceVersion "1"]
[SourceVersionDate "2010.11.25"]
[SourceQuality "1"]
[WhiteTeam "Besancon TPG II"]
[BlackTeam "Metz Fischer II"]
[WhiteTeamCountry "FRA"]
[BlackTeamCountry "FRA"]

1. d4 Nf6 2. c4 c5 3. d5 e6 4. Nc3 exd5 5. cxd5 d6 6. g3 g6 7. Nf3 Bg7 8. Bg2 0-0 9. 0-0 Re8 10. Nd2 b6 11. h3 Ba6 12. a4 Qe7 13. Re1 Nbd7 14. Nb5 Ne5 15. Qc2 g5 16. Nc4 Nxc4 17. Qxc4 h6 18. Bd2 Nd7 19. Qc2 Ne5 20. Bc3 Qd7 21. Na3 Re7 22. Rad1 Rae8 23. b3 Ng6 24. Bxg7 Kxg7 25. e3 Kg8 26. Kh2 Re5 27. Bf1 Bxf1 28. Rxf1 R5e7 29. Nc4 Ne5 30. Rb1 Qb7 31. Rfd1 Qd7 32. Rf1 Qb7 33. Qd1 Nxc4 34. bxc4 Qa6 35. Qc2 Re4 36. Rb5 R8e5 37. Kg2 Kg7 38. Rfb1 Re7 39. R1b2 R7e5 40. a5 bxa5 41. Ra2 Qc8 42. Rbxa5 h5 43. Rxa7 g4 44. h4 Qf5 45. Qe2 Rd4 46. Rd2 Qe4+ 47. Kg1 Rxc4 48. Qd1 Rb4 49. Ra1 Re7 50. Qc2 Qe5 51. Ra6 Reb7 52. Ra3 Rb2 53. Qd3 Rxd2 54. Qxd2 Rb1+ 55. Kh2 Qe4 56. f3 Qxf3 57. Qc3+ Qf6 58. Kg2 Rb2+ 59. Kg1 Qxc3 60. Rxc3 Rd2 61. e4 Re2 62. Rc4 Kf6 63. Kf1 Re3 64. Kf2 Rf3+ 65. Ke2 Rxg3 66. Ra4 Ke5 67. Ra7 Kxe4 68. Rxf7 Re3+ 69. Kd2 Rf3 70. Rg7 Rf5 0-1

[Event "FRA-ch opB"]
[Site "Val d'Isere"]
[Date "2004.08.??"]
[Round "4"]
[White "Bessat, Remy"]
[Black "Ferrieres, Sylvain"]
[Result "1-0"]
[WhiteElo "1958"]
[BlackElo "1840"]
[PlyCount "107"]
[EventDate "2004.08.16"]
[EventType "swiss"]
[EventRounds "9"]
[EventCountry "FRA"]
[SourceTitle "EXT 2005"]
[Source "ChessBase"]
[SourceDate "2004.11.15"]
[SourceVersion "1"]
[SourceVersionDate "2004.11.15"]
[SourceQuality "1"]

1. d4 Nf6 2. c4 g6 3. Nc3 d5 4. cxd5 Nxd5 5. e4 Nxc3 6. bxc3 Bg7 7. Bc4 0-0 8. Ne2 c5 9. Be3 Nc6 10. 0-0 Bg4 11. f3 Na5 12. Bxf7+ Rxf7 13. fxg4 Rxf1+ 14. Kxf1 cxd4 15. cxd4 Qb6 16. Rc1 e5 17. Qd2 exd4 18. Bxd4 Bxd4 19. Qxd4 Qxd4 20. Nxd4 Rd8 21. Nf3 Nc6 22. Ke2 Nd4+ 23. Ke3 Ne6 24. g5 Kf7 25. h4 b6 26. Ne5+ Kf8 27. Rf1+ Kg8 28. Rf7 a6 29. Rb7 b5 30. Ng4 Rd3+ 31. Kxd3 Nc5+ 32. Kd4 Nxb7 33. Kd5 b4 34. Kc4 a5 35. Kb5 Kf7 36. Ne5+ Ke6 37. Nc4 Kd7 38. g4 Ke6 39. Kb6 Nd6 40. Nxd6 a4 41. Nc4 a3 42. Nd2 Ke5 43. Kc5 b3 44. Nxb3 Kxe4 45. Kb4 Kf4 46. Kxa3 Kxg4 47. Kb4 Kxh4 48. a4 Kxg5 49. a5 Kh4 50. a6 g5 51. a7 g4 52. a8Q g3 53. Nc1 h5 54. Qg2 1-0